El Café en Costa Rica: desarrollo capitalista y diferenciación social de los productores. 1950 - 1980 /
Enregistré dans:
| Auteur principal: | |
|---|---|
| Format: | Thèse |
| Publié: |
San José:
s.e.
|
| Tags: |
Ajouter un tag
Pas de tags, Soyez le premier à ajouter un tag!
|
MARC
| LEADER | 00000 a a2200000 04500 | ||
|---|---|---|---|
| 001 | 24799 | ||
| 003 | |||
| 040 | |||
| 090 | |a 17657.00 | ||
| 100 | |a Raventós Vorst, Ciska | ||
| 245 | |a El Café en Costa Rica: |b desarrollo capitalista y diferenciación social de los productores. 1950 - 1980 / |c Ciska Raventós Vorst | ||
| 260 | |a San José: |b s.e. | ||
| 300 | |a 150 p |b **no definido** | ||
| 502 | |a Tesis (Maestría Centroamericana en Sociología) -- Universidad de Costa Rica. Sistema de Estudios de Posgrado, 1983 | ||
| 999 | |c 18090 |d 18090 | ||
